00450nam a22001457a 450000500170000000800410001702000150005804100120007308200120008510000120009724500840010926000550019330000310024865000250027920240925084322.0240925b |||||||| |||| 00| 0 eng d a0409006122 aEnglish a348 SOU lEnglish aThe South African Encyclopaedia of Forms and Precedents /cedited by C Weinberg aDurban:bButterworth Publishers (Pty) Ltd, c1994  bviii, 521 pages; c26 cm.  aLegal practice bLaw